Netherlands Current Squad - Statistics

General Stats
  • This quiz has been taken 112 times
    48 since last reset
  • The average score is 16 of 23
Answer Stats
Role Club Player Name % Correct
Midfielder Barcelona Frenkie de Jong
95%
Forward Liverpool Cody Gakpo
92%
Defender Liverpool Virgil van Dijk
92%
Defender Inter Milan Denzel Dumfries
90%
Defender Manchester City Nathan Aké
90%
Midfielder Liverpool Ryan Gravenberch
87%
Defender Liverpool Jeremie Frimpong
85%
Defender Tottenham Hotspur Micky van de Ven
85%
Defender Inter Milan Stefan de Vrij
85%
Midfielder Manchester City Tijjani Reijnders
85%
Forward Corinthians Memphis Depay
79%
Midfielder RB Leipzig Xavi Simons
77%
Goalkeeper Bayer Leverkusen Mark Flekken
74%
Coach - Ronald Koeman
67%
Forward Aston Villa Donyell Malen
62%
Forward AFC Ajax Wout Weghorst
62%
Defender Brighton & Hove Albion Jan Paul van Hecke
59%
Midfielder Bournemouth Justin Kluivert
59%
Forward Napoli Noa Lang
51%
Defender RB Leipzig Lutsharel Geertruida
44%
Midfielder Brighton & Hove Albion Mats Wieffer
41%
Goalkeeper PSV Eindhoven Nick Olij
26%
Goalkeeper Brighton & Hove Albion Kjell Scherpen
3%
No matching quizzes found
Score Distribution
Percent of People with Each Score
Percentile by Number Answered
Your Score History
You have not taken this quiz since the last reset